Ngữ pháp tiếng Pháp = Nouvelle Grammaire Francaise : Chuyên sâu

Sách đề cập đến các nội dung nhữ cách phát âm, chữ, từ, cách viết câu, từ loại và câu phức trong tiếng Pháp.

Đã lưu trong:
Chi tiết về thư mục
Tác giả chính: Grevisse, Maurice
Định dạng: Sách
Ngôn ngữ:Undetermined
Được phát hành: Thành phố Hồ Chí Minh Trẻ 2000
Những chủ đề:
Các nhãn: Thêm thẻ
Không có thẻ, Là người đầu tiên thẻ bản ghi này!
Thư viện lưu trữ: Trung tâm Học liệu Trường Đại học Cần Thơ
LEADER 00906nam a2200229Ia 4500
001 CTU_187510
008 210402s9999 xx 000 0 und d
020 |c 58000 
082 |a 445 
082 |b G838 
100 |a Grevisse, Maurice 
245 0 |a Ngữ pháp tiếng Pháp = 
245 0 |b Nouvelle Grammaire Francaise : Chuyên sâu 
245 0 |c Maurice Grevisse, André Goosse ; Nguyễn Thành Thống, Nguyễn Kim Ngân dịch 
260 |a Thành phố Hồ Chí Minh 
260 |b Trẻ 
260 |c 2000 
520 |a Sách đề cập đến các nội dung nhữ cách phát âm, chữ, từ, cách viết câu, từ loại và câu phức trong tiếng Pháp. 
650 |a French Language,Ngôn ngữ Pháp 
650 |x Grammar,Ngữ pháp 
904 |i Trúc 
980 |a Trung tâm Học liệu Trường Đại học Cần Thơ